000 00905nac a22002657a 4500
001 BR7909028
003 BR-BrBNA
005 20240105114558.0
008 230509b bl.|||m| |||| 00| 0 por d
040 _aBR-BrBNA
_bpor
_cBiblioteca Nacional de Agricultura
072 _aE30; F00
090 _a2110 BR7909028
110 1 _aConselho Consultivo dos Produtores de Cacau, Itabuna, BA (Brasil)
_92584
245 1 _aRelatorio anual exercicio de janeiro a dezembro de 1978 [Conselho Consultivo dos Produtores de Cacau, Bahia, Brasil]
260 3 _aItabuna, BA (Brasil):
_c1979.
300 _a35 p.
490 _aRelatorio - Conselho Consultivo dos Produtores de Cacau (Brazil)
_v
_x
650 _aCACAU
650 _aPRODUTOR
650 _aDESENVOLVIMENTO AGRICOLA
650 _aINSTITUICAO AGRICOLA
650 _aBAHIA
909 _a202312
_bLúcia Elande
_c55
_dLúcia Elande
942 _2AGRIS
_n0
_cMS
999 _c270155
_d270155